| 000 | 00329nam a22001337a 4500 | ||
|---|---|---|---|
| 082 |
_a894.812.3 _bMEE/B |
||
| 100 | _aMEERA K R | ||
| 245 | _aBHAGAVANTE MARANAM | ||
| 246 |
_aBHAGAVANTE MARANAM _bBHAGAVANTE MARANAM |
||
| 260 |
_aKOTTAYAM,KERALA,INDIA _bD C BOOKS _c2022 |
||
| 300 | _a118 | ||
| 650 | _aMALAYALAM FICTIO | ||
| 942 | _cBK | ||
| 999 |
_c8643 _d8643 |
||